000 00986cam a22002894a 4500
001 12697672
003 ARRUPE
005 20150907125603.0
008 020212s2002 fr a b 000 0 fre
010 _a 2002409742
020 _a2082100340
035 _a(FrPJT)JTL00085347
040 _aDLC
_cDLC
042 _apcc
050 0 0 _aQA8.4
_b.O45 2002
100 1 _aOmnès, Roland.
_913711
245 1 0 _aAlors l'un devint deux :
_bla question du réalisme en physique et en philosophie des mathématiques /
_cRoland Omnès.
260 _aParis :
_bFlammarion,
_cc2002.
300 _a398 p. :
_bill. ;
_c23 cm.
440 0 _aNouvelle bibliothèque scientifique
_919381
504 _aIncludes bibliographical references (p. [387]-389).
650 0 _aMathematics
_xPhilosophy.
_919382
650 0 _aPhysics
_xPhilosophy.
_919383
906 _a7
_bcbc
_corigres
_d3
_encip
_f20
_gy-gencatlg
942 _2lcc
_cMONOGRAPH
999 _c123258
_d123258